[Event "San Sebastian op 39th"]
[Site "San Sebastian"]
[Date "2016.03.20"]
[Round "2"]
[White "Torres Novalbos, David"]
[Black "Aout, Sebastien"]
[Result "0-1"]
[WhiteElo "1971"]
[BlackElo "2258"]
[PlyCount "71"]
[EventDate "2016.03.19"]
[EventType "swiss"]
[EventRounds "9"]
[EventCountry "ESP"]
[SourceTitle "CBM 171 Extra"]
[Source "ChessBase"]
[SourceDate "2016.04.26"]
[SourceVersion "1"]
[SourceVersionDate "2016.04.26"]
[SourceQuality "1"]

1. e4 c5 2. Nf3 e6 3. d4 cxd4 4. Nxd4 a6 5. Bd3 Nc6 6. Nxc6 dxc6 7. 0-0 e5 8. Nd2 Qc7 9. a4 Nf6 10. Nc4 Bg4 11. Qe1 Bc5 12. Qc3 Nd7 13. Be3 f6 14. b4 Be7 15. f4 0-0 16. f5 Bh5 17. Qe1 Rfd8 18. Qh4 Bf7 19. Rf3 Bxb4 20. Rh3 Nf8 21. Bb6 Qe7 22. Bxd8 Rxd8 23. Kh1 Rd4 24. Ne3 Bc3 25. Rg1 Rxa4 26. g4 Ra1 27. Rxa1 Bxa1 28. Qe1 Bd4 29. Rg3 Qc5 30. h4 a5 31. g5 fxg5 32. hxg5 a4 33. Ng4 a3 34. g6 hxg6 35. f6 a2 36. Qd1 0-1

[Event "San Sebastian op 39th"]
[Site "San Sebastian"]
[Date "2016.03.20"]
[Round "3"]
[White "Vazquez Igarza, Renier"]
[Black "Aout, Sebastien"]
[Result "1-0"]
[WhiteElo "2585"]
[BlackElo "2258"]
[PlyCount "109"]
[EventDate "2016.03.19"]
[EventType "swiss"]
[EventRounds "9"]
[EventCountry "ESP"]
[SourceTitle "CBM 171 Extra"]
[Source "ChessBase"]
[SourceDate "2016.04.26"]
[SourceVersion "1"]
[SourceVersionDate "2016.04.26"]
[SourceQuality "1"]

1. Nf3 c5 2. c4 g6 3. d4 cxd4 4. Nxd4 Bg7 5. e4 Nf6 6. Nc3 d6 7. Be2 0-0 8. 0-0 Nc6 9. Be3 Bd7 10. Qd2 Nxd4 11. Bxd4 Bc6 12. f3 a5 13. b3 Nd7 14. Be3 Nc5 15. Rab1 Qb6 16. Rfc1 Qb4 17. Rc2 Rfc8 18. Qc1 Qb6 19. Bf1 Qd8 20. Qd2 h5 21. Nd5 Bxd5 22. exd5 Qd7 23. Rcc1 Bf6 24. Bd3 Nxd3 25. Qxd3 Kg7 26. a4 Qf5 27. Qd2 Ra6 28. Re1 Rc7 29. Rbd1 Kg8 30. Re2 Kg7 31. Rf1 Be5 32. g3 Rc8 33. Kg2 Rh8 34. h3 Rh7 35. Rfe1 Rh8 36. Bf2 Re8 37. Re4 Qf6 38. R1e2 Raa8 39. Bb6 Bc3 40. Qd3 Kg8 41. Rc2 Ra6 42. Bf2 Be5 43. Rce2 Raa8 44. f4 Ba1 45. c5 h4 46. g4 dxc5 47. Bxc5 Rac8 48. Rc4 Rxc5 49. Rxc5 Qxf4 50. d6 Rd8 51. d7 Rxd7 52. Qxd7 Bd4 53. Rc3 Bxc3 54. Qc8+ Kh7 55. Qxc3 1-0

[Event "Pau op"]
[Site "Pau"]
[Date "2009.02.27"]
[Round "7"]
[White "Korneev, Oleg"]
[Black "Aout, Sebastien"]
[Result "1-0"]
[WhiteElo "2613"]
[BlackElo "2256"]
[PlyCount "103"]
[EventDate "2009.02.24"]
[EventType "swiss"]
[EventRounds "9"]
[EventCountry "FRA"]
[SourceTitle "CBM 129 Extra"]
[Source "ChessBase"]
[SourceDate "2009.05.05"]
[SourceVersion "2"]
[SourceVersionDate "2009.05.20"]
[SourceQuality "1"]

1. e4 c5 2. Nf3 e6 3. d4 cxd4 4. Nxd4 a6 5. Bd3 Qc7 6. 0-0 Nf6 7. Qe2 d6 8. c4 b6 9. Nc3 Bb7 10. f4 Nbd7 11. Bd2 Be7 12. Rae1 0-0 13. Nf3 Rfd8 14. Kh1 Nf8 15. Ng5 Bc6 16. Nd5 Nxd5 17. cxd5 Bd7 18. Rc1 Qb7 19. dxe6 fxe6 20. f5 b5 21. Bc2 Rdc8 22. Nxe6 Nxe6 23. Bb3 Rxc1 24. Rxc1 Rc8 25. Re1 Rc5 26. fxe6 Be8 27. Bd5 Qc8 28. Qd3 Bg6 29. h3 Kh8 30. Rf1 h6 31. Bc3 Kh7 32. a3 Qd8 33. Qg3 Rc8 34. Qg4 h5 35. Qg3 Bh4 36. Qe3 Rb8 37. e5 dxe5 38. Be4 Qg5 39. Bxg6+ Qxg6 40. Qxe5 Re8 41. Rf7 Re7 42. Rxe7 Bxe7 43. Bb4 Bf6 44. Qe1 h4 45. e7 Qe8 46. Qe4+ g6 47. Qe6 Kg7 48. Bc3 Bxc3 49. bxc3 a5 50. Kg1 a4 51. Kh2 Kh7 52. Qf6 1-0

[Event "Pau op"]
[Site "Pau"]
[Date "2009.02.26"]
[Round "6"]
[White "Lecoq, Julien"]
[Black "Aout, Sebastien"]
[Result "0-1"]
[WhiteElo "2112"]
[BlackElo "2256"]
[PlyCount "54"]
[EventDate "2009.02.24"]
[EventType "swiss"]
[EventRounds "9"]
[EventCountry "FRA"]
[SourceTitle "CBM 129 Extra"]
[Source "ChessBase"]
[SourceDate "2009.05.05"]
[SourceVersion "2"]
[SourceVersionDate "2009.05.20"]
[SourceQuality "1"]

1. e4 c5 2. Nf3 e6 3. d4 cxd4 4. Nxd4 a6 5. Nc3 Qc7 6. Bd3 Nf6 7. 0-0 Nc6 8. Be3 Ne5 9. h3 Bc5 10. Kh1 d6 11. f4 Ng6 12. Qd2 0-0 13. Rae1 b5 14. a3 b4 15. axb4 Bxb4 16. f5 exf5 17. Nxf5 Bxf5 18. exf5 Ne5 19. Bd4 Rfe8 20. Rd1 Bc5 21. Bxc5 Qxc5 22. Ne4 Nxe4 23. Bxe4 Nc4 24. Qd4 Rab8 25. Rf3 Nxb2 26. Rd2 Nc4 27. Rd1 Rb1 0-1

[Event "Pau op"]
[Site "Pau"]
[Date "2009.02.25"]
[Round "3"]
[White "Aout, Sebastien"]
[Black "Darrigues, Alain"]
[Result "1-0"]
[WhiteElo "2256"]
[BlackElo "2012"]
[PlyCount "65"]
[EventDate "2009.02.24"]
[EventType "swiss"]
[EventRounds "9"]
[EventCountry "FRA"]
[SourceTitle "CBM 129 Extra"]
[Source "ChessBase"]
[SourceDate "2009.05.05"]
[SourceVersion "2"]
[SourceVersionDate "2009.05.20"]
[SourceQuality "1"]

1. c4 e5 2. e3 Nc6 3. a3 a5 4. Qc2 g6 5. g3 Bg7 6. Bg2 d6 7. Nc3 Nf6 8. Nge2 0-0 9. d3 Be6 10. Nd5 Qd7 11. Bd2 Ne8 12. f4 Bh3 13. Be4 Bf5 14. Bxf5 Qxf5 15. 0-0 Qd7 16. Bc3 Ne7 17. Nxe7+ Qxe7 18. f5 gxf5 19. Rxf5 Bh6 20. Bd2 Ng7 21. Rf2 Ne6 22. Nc3 c6 23. Raf1 f6 24. Kh1 Rf7 25. Ne4 Raf8 26. g4 b6 27. Qa4 Nd8 28. Qb3 d5 29. cxd5 cxd5 30. Qxd5 Kg7 31. Nd6 Qd7 32. Nf5+ Kh8 33. Qxd7 1-0

[Event "Pau op"]
[Site "Pau"]
[Date "2009.02.25"]
[Round "4"]
[White "Hamdouchi, Hicham"]
[Black "Aout, Sebastien"]
[Result "1-0"]
[WhiteElo "2599"]
[BlackElo "2256"]
[PlyCount "135"]
[EventDate "2009.02.24"]
[EventType "swiss"]
[EventRounds "9"]
[EventCountry "FRA"]
[SourceTitle "CBM 129 Extra"]
[Source "ChessBase"]
[SourceDate "2009.05.05"]
[SourceVersion "2"]
[SourceVersionDate "2009.05.20"]
[SourceQuality "1"]

1. e4 c5 2. Nf3 e6 3. Nc3 a6 4. g3 Qc7 5. Bg2 Nc6 6. 0-0 d6 7. d4 cxd4 8. Nxd4 Nf6 9. Be3 Be7 10. a4 Bd7 11. f4 0-0 12. Nb3 Na5 13. Nxa5 Qxa5 14. g4 Bc6 15. g5 Nd7 16. Nd5 exd5 17. exd5 Bxa4 18. b3 Qc7 19. Rxa4 Rac8 20. Bh3 Rfe8 21. Bd4 Bf8 22. Rc4 Qd8 23. Rxc8 Qxc8 24. Re1 Qd8 25. Rxe8 Qxe8 26. Kf2 Qd8 27. Bg4 Nc5 28. b4 Nd7 29. Qd3 Nb6 30. Qe4 Qc7 31. Be2 Qd8 32. Ba1 Qd7 33. Kg3 Qe7 34. Qxe7 Bxe7 35. c4 Kf8 36. Bd4 Bd8 37. Kf3 g6 38. Ke3 Ke8 39. Kd3 Kd7 40. Bf3 Kc7 41. h4 Be7 42. Bg4 Nd7 43. h5 Kd8 44. Be3 Kc7 45. Be2 Kd8 46. Bd4 Kc7 47. Ke3 Kd8 48. Bd3 Kc7 49. Kf3 b6 50. Bc3 Kb7 51. h6 Bf8 52. Bf1 Kc7 53. Bh3 Be7 54. Bg4 Bd8 55. Ke3 Be7 56. Kd3 Bd8 57. Bh3 Be7 58. Bd4 Bd8 59. Kc3 Nf8 60. Kb3 Nd7 61. Bg4 Nf8 62. Kc3 Nd7 63. Be2 Be7 64. Bd1 Bf8 65. Ba4 Be7 66. Bxd7 Kxd7 67. Bxb6 f6 68. f5 1-0

[Event "Pau op"]
[Site "Pau"]
[Date "2009.02.24"]
[Round "1"]
[White "Aout, Sebastien"]
[Black "Scott, Stan"]
[Result "1-0"]
[WhiteElo "2256"]
[BlackElo "1600"]
[PlyCount "80"]
[EventDate "2009.02.24"]
[EventType "swiss"]
[EventRounds "9"]
[EventCountry "FRA"]
[SourceTitle "CBM 129 Extra"]
[Source "ChessBase"]
[SourceDate "2009.05.05"]
[SourceVersion "2"]
[SourceVersionDate "2009.05.20"]
[SourceQuality "1"]

1. e4 e5 2. f4 exf4 3. Nf3 d6 4. d4 g5 5. Bc4 Bg7 6. 0-0 Be6 7. Qd3 h6 8. Nc3 Ne7 9. Bxe6 fxe6 10. Qb5+ Nbc6 11. d5 a6 12. Qxb7 Ra7 13. Qb3 exd5 14. exd5 Ne5 15. Nd4 Qa8 16. Ne6 Kf7 17. Be3 Rb7 18. Qa4 Kg6 19. Qe4+ Kf7 20. Bxf4 gxf4 21. Qxf4+ Kg8 22. Nxg7 Kxg7 23. Qf6+ Kg8 24. Qxe7 Rh7 25. Qe6+ Kh8 26. Rf6 Rb8 27. Rxh6 Rxh6 28. Qxh6+ Kg8 29. Ne4 Rf8 30. Qg5+ Kh8 31. Nf6 Rxf6 32. Qxf6+ Kg8 33. Qe6+ Kg7 34. Rf1 Qd8 35. Qf5 Qe7 36. b3 Qd8 37. h3 Qe7 38. c4 Qd8 39. Re1 Qh4 40. Re3 Nf3+ 1-0

[Event "FRA-chT2 South 0607"]
[Site "France"]
[Date "2006.11.26"]
[Round "3.1"]
[White "Olivier, Jean Christophe"]
[Black "Aout, Sebastien"]
[Result "1-0"]
[WhiteElo "2344"]
[BlackElo "2232"]
[PlyCount "41"]
[EventDate "2006.10.15"]
[EventType "team"]
[EventRounds "11"]
[EventCountry "FRA"]
[SourceTitle "EXT 2008"]
[Source "ChessBase"]
[SourceDate "2007.11.25"]
[SourceVersion "1"]
[SourceVersionDate "2007.11.25"]
[SourceQuality "1"]
[WhiteTeam "Grenoble"]
[BlackTeam "Pau Henri IV"]
[WhiteTeamCountry "FRA"]
[BlackTeamCountry "FRA"]

1. e4 c5 2. Nf3 e6 3. d4 cxd4 4. Nxd4 a6 5. Bd3 Nc6 6. Nxc6 dxc6 7. f4 Bc5 8. Nd2 e5 9. Qh5 Bd4 10. fxe5 g6 11. Qf3 Bxe5 12. Nc4 Bc7 13. Bf4 b5 14. 0-0-0 Bxf4+ 15. Qxf4 bxc4 16. Qe5+ Kf8 17. Bxc4 Qf6 18. Qc5+ Kg7 19. Rhf1 Bf5 20. exf5 g5 21. Rd6 1-0

[Event "FRA-chT2 South 0607"]
[Site "France"]
[Date "2006.11.25"]
[Round "2.3"]
[White "Weill, Roland"]
[Black "Aout, Sebastien"]
[Result "0-1"]
[WhiteElo "2274"]
[BlackElo "2232"]
[PlyCount "142"]
[EventDate "2006.10.15"]
[EventType "team"]
[EventRounds "11"]
[EventCountry "FRA"]
[SourceTitle "EXT 2008"]
[Source "ChessBase"]
[SourceDate "2007.11.25"]
[SourceVersion "1"]
[SourceVersionDate "2007.11.25"]
[SourceQuality "1"]
[WhiteTeam "L'Isle sur la Sorgue"]
[BlackTeam "Pau Henri IV"]
[WhiteTeamCountry "FRA"]
[BlackTeamCountry "FRA"]

1. e4 c5 2. Nf3 e6 3. d3 g6 4. Nc3 Bg7 5. Be3 Qa5 6. Qd2 Nc6 7. Be2 Nd4 8. 0-0 Ne7 9. Bd1 a6 10. Bh6 0-0 11. Nd5 Qd8 12. Nxe7+ Qxe7 13. Ne1 b5 14. c3 Nc6 15. Bxg7 Kxg7 16. f4 f5 17. Bf3 Bb7 18. Nc2 Rac8 19. Rae1 Qd6 20. e5 Qc7 21. Qf2 Ne7 22. Qh4 Rf7 23. Bxb7 Qxb7 24. Rf3 Qd5 25. Rh3 Kg8 26. b3 Qb7 27. c4 Qb6 28. Qf2 Qa5 29. Ne3 Kh8 30. cxb5 axb5 31. a4 Rg7 32. axb5 Qxb5 33. Nc4 Qxb3 34. Nd6 Rcg8 35. Qxc5 Nd5 36. Rf3 Qb2 37. Rf2 Qb3 38. Qc4 Qb6 39. d4 h6 40. g3 Kh7 41. Ra2 g5 42. fxg5 Rxg5 43. Kh1 Rh5 44. Rc1 Rg4 45. Qc8 Qxd4 46. Qxd7+ Rg7 47. Qxe6 Re7 48. Qc8 Qxe5 49. Ra8 Nf6 50. Qh8+ Kg6 51. Rg8+ Nxg8 52. Qxg8+ Rg7 53. Qe8+ Qxe8 54. Nxe8 Re7 55. Rc6+ Kf7 56. Nd6+ Kg6 57. Rc7 Rxc7 58. Ne8 Kf7 59. Nxc7 f4 60. gxf4 Ke7 61. Kg2 Kd7 62. Na6 Rb5 63. Kg3 Kc6 64. Kg4 Rb6 65. Kh5 Rxa6 66. Kxh6 Ra2 67. h4 Rg2 68. h5 Kd6 69. Kh7 Ke6 70. h6 Kf7 71. f5 Rh2 0-1

[Event "FRA-chT2 0405"]
[Site "France"]
[Date "2005.04.02"]
[Round "10.2"]
[White "Gachet, Sebastien"]
[Black "Aout, Sebastien"]
[Result "1-0"]
[WhiteElo "2278"]
[BlackElo "2226"]
[PlyCount "91"]
[EventDate "2004.10.10"]
[EventType "team"]
[EventRounds "11"]
[EventCountry "FRA"]
[SourceTitle "EXT 2006"]
[Source "ChessBase"]
[SourceDate "2005.11.24"]
[SourceVersion "1"]
[SourceVersionDate "2005.11.24"]
[SourceQuality "1"]

1. e4 c5 2. Nf3 e6 3. Nc3 a6 4. a4 Nc6 5. d4 cxd4 6. Nxd4 Qc7 7. g3 Bb4 8. Nde2 Nf6 9. Bg2 d6 10. 0-0 Ne5 11. h3 h5 12. Bg5 Bd7 13. Rc1 Bc5 14. b3 Rc8 15. Nb1 Bc6 16. Nec3 Qb6 17. Qe2 Bd4 18. Nd1 Bc5 19. Nd2 Bd7 20. Ne3 Qc7 21. c4 a5 22. Kh1 Qb6 23. Nc2 Bc6 24. Be3 Ke7 25. Bxc5 Qxc5 26. f4 Neg4 27. Bf3 Nd7 28. Kg2 Ngf6 29. Rce1 Rcg8 30. e5 dxe5 31. fxe5 Nh7 32. Kh2 h4 33. gxh4 Nhf8 34. Bxc6 bxc6 35. Qe4 Ng6 36. Nf3 Rh5 37. Ncd4 Ngxe5 38. Ng5 Qd6 39. Kh1 f6 40. Ngxe6 c5 41. Nf4 cxd4 42. Nxh5 Nc5 43. Qh7 Kf8 44. Qf5 Qc6+ 45. Kg1 Ke7 46. Rxe5+ 1-0

[Event "FRA-chT2 0405"]
[Site "France"]
[Date "2005.02.06"]
[Round "7.1"]
[White "Kuzev, Jordan"]
[Black "Aout, Sebastien"]
[Result "1-0"]
[WhiteElo "2379"]
[BlackElo "2226"]
[PlyCount "53"]
[EventDate "2004.10.10"]
[EventType "team"]
[EventRounds "11"]
[EventCountry "FRA"]
[SourceTitle "EXT 2006"]
[Source "ChessBase"]
[SourceDate "2005.11.24"]
[SourceVersion "1"]
[SourceVersionDate "2005.11.24"]
[SourceQuality "1"]

1. Nf3 c5 2. e4 e6 3. b3 b6 4. c4 Bb7 5. Nc3 Nc6 6. g3 d6 7. Bg2 Be7 8. 0-0 Nf6 9. d4 e5 10. d5 Nd4 11. Nh4 0-0 12. Nf5 Bc8 13. Qd3 Re8 14. f4 exf4 15. Bxf4 Bxf5 16. exf5 Ng4 17. h3 Ne5 18. Bxe5 dxe5 19. d6 Bxd6 20. Bxa8 Qxa8 21. Ne4 Bf8 22. Rf2 Rd8 23. Qe3 Re8 24. Re1 a5 25. a4 Qc6 26. h4 Kh8 27. f6 1-0

[Event "Creon op 9th"]
[Site "Creon"]
[Date "2004.08.03"]
[Round "3"]
[White "Aout, Sebastien"]
[Black "Bonn, Thomas"]
[Result "1-0"]
[WhiteElo "2198"]
[BlackElo "2018"]
[PlyCount "51"]
[EventDate "2004.08.02"]
[EventType "swiss"]
[EventRounds "9"]
[EventCountry "FRA"]
[SourceTitle "CBM 101 Extra"]
[Source "ChessBase"]
[SourceDate "2004.09.01"]
[SourceVersion "2"]
[SourceVersionDate "2004.09.01"]
[SourceQuality "1"]

1. e4 c5 2. Nf3 Nc6 3. d4 cxd4 4. Nxd4 Nf6 5. Nc3 d6 6. Bg5 e6 7. Qd2 a6 8. 0-0-0 Bd7 9. f3 Rc8 10. g4 Be7 11. h4 b5 12. Nxc6 Bxc6 13. Bd3 Bb7 14. Ne2 Qc7 15. Nd4 d5 16. e5 Nd7 17. Bxe7 Kxe7 18. f4 h5 19. gxh5 Rxh5 20. Be2 Rh7 21. h5 Rch8 22. Rhg1 Rg8 23. Rg5 f6 24. Rg6 Kf7 25. Rdg1 Rhh8 26. Rxg7+ 1-0

[Event "Creon op 9th"]
[Site "Creon"]
[Date "2004.08.03"]
[Round "2"]
[White "Malakhatko, Vadim"]
[Black "Aout, Sebastien"]
[Result "1-0"]
[WhiteElo "2555"]
[BlackElo "2198"]
[PlyCount "95"]
[EventDate "2004.08.02"]
[EventType "swiss"]
[EventRounds "9"]
[EventCountry "FRA"]
[SourceTitle "CBM 101 Extra"]
[Source "ChessBase"]
[SourceDate "2004.09.01"]
[SourceVersion "2"]
[SourceVersionDate "2004.09.01"]
[SourceQuality "1"]

1. c4 c5 2. g3 g6 3. Bg2 Bg7 4. Nc3 Nc6 5. d3 d6 6. a3 e6 7. h4 h6 8. Nh3 Nge7 9. Bd2 a6 10. Rb1 Rb8 11. Nf4 b5 12. b3 Qc7 13. 0-0 Bd7 14. e3 0-0 15. Qc2 b4 16. axb4 Nxb4 17. Qd1 Bc6 18. Qe2 Rb7 19. Rfc1 Rfb8 20. Ra1 Rb6 21. Ra3 Bxg2 22. Nxg2 Nec6 23. Ne1 Ne5 24. f4 Nec6 25. h5 gxh5 26. Qxh5 f5 27. Rb1 Kh7 28. Ne2 Rg8 29. Kf2 Bf6 30. Ra4 Rg6 31. Rd1 Qg7 32. Bxb4 Nxb4 33. Nf3 Nc6 34. Ra3 Bb2 35. Ra2 Bf6 36. Rb1 Qb7 37. Ra3 Nb4 38. Rd1 Nc2 39. Ra2 Nb4 40. Rad2 Nc6 41. e4 Rxb3 42. exf5 exf5 43. Qxf5 a5 44. Ra2 Kg7 45. Qe4 Kh7 46. Rh1 Qc7 47. Ng5+ Bxg5 48. fxg5 1-0

[Event "FRA-ch opA"]
[Site "Val d'Isere"]
[Date "2004.08.??"]
[Round "9"]
[White "Aout, Sebastien"]
[Black "Marin, Sebastien"]
[Result "0-1"]
[WhiteElo "2198"]
[BlackElo "2112"]
[PlyCount "77"]
[EventDate "2004.08.16"]
[EventType "swiss"]
[EventRounds "9"]
[EventCountry "FRA"]
[SourceTitle "EXT 2005"]
[Source "ChessBase"]
[SourceDate "2004.11.15"]
[SourceVersion "1"]
[SourceVersionDate "2004.11.15"]
[SourceQuality "1"]

1. c4 g6 2. g3 Bg7 3. Bg2 d6 4. d3 e5 5. Nc3 Nf6 6. e4 0-0 7. Nge2 Be6 8. 0-0 Qd7 9. f4 c6 10. Rb1 Na6 11. b4 Nc7 12. b5 cxb5 13. Nxb5 Nxb5 14. Rxb5 a6 15. Rb6 Qc7 16. Qb3 Qc5+ 17. Kh1 Bg4 18. Ng1 Rad8 19. Ba3 Qd4 20. h3 Nh5 21. hxg4 Nxg3+ 22. Kh2 Nxf1+ 23. Bxf1 Qf2+ 24. Bg2 exf4 25. Nf3 Bd4 26. Rxd6 Be3 27. Rxd8 Qg3+ 28. Kh1 Rxd8 29. Be7 Rd7 30. Bf6 Qxg4 31. Qc2 Qh5+ 32. Nh2 Qa5 33. Bc3 Qd8 34. Bf3 b5 35. cxb5 axb5 36. Ba1 Qe7 37. Qb1 Qc5 38. Be2 Rc7 39. Nf1 0-1

[Event "FRA-ch opA"]
[Site "Val d'Isere"]
[Date "2004.08.??"]
[Round "8"]
[White "Baron, Thierry"]
[Black "Aout, Sebastien"]
[Result "1-0"]
[WhiteElo "2147"]
[BlackElo "2198"]
[PlyCount "97"]
[EventDate "2004.08.16"]
[EventType "swiss"]
[EventRounds "9"]
[EventCountry "FRA"]
[SourceTitle "EXT 2005"]
[Source "ChessBase"]
[SourceDate "2004.11.15"]
[SourceVersion "1"]
[SourceVersionDate "2004.11.15"]
[SourceQuality "1"]

1. e4 c5 2. Nf3 e6 3. d4 cxd4 4. Nxd4 a6 5. Nc3 Qc7 6. g3 Nc6 7. Bg2 Nf6 8. 0-0 Nxd4 9. Qxd4 Bc5 10. Qd3 h6 11. Na4 d6 12. Nxc5 dxc5 13. e5 Qxe5 14. Bf4 Qxb2 15. Rab1 Qd4 16. Qxd4 cxd4 17. Bd6 Nd5 18. Rfe1 Kd7 19. Be5 f6 20. Bxd4 b5 21. a4 Kd6 22. axb5 axb5 23. Rxb5 Ba6 24. Ra5 Bc4 25. Rea1 Rxa5 26. Rxa5 Rb8 27. h4 e5 28. Bc5+ Kc6 29. Ba7 Rb5 30. Ra4 Rb1+ 31. Kh2 Bb5 32. Rg4 Rc1 33. Rxg7 Bc4 34. Be4 Kd6 35. Rg6 Ke6 36. Rxh6 Nc3 37. Bg2 Rxc2 38. Rh8 Nd1 39. Rc8 Ra2 40. Bb6 Bb3 41. Rb8 Bc4 42. Rc8 Bb3 43. Kg1 Ra1 44. Rc6+ Ke7 45. Bf3 Ne3+ 46. Kh2 Nf1+ 47. Kg2 Nd2 48. Rc3 Bc4 49. Rxc4 1-0

[Event "FRA-ch opA"]
[Site "Val d'Isere"]
[Date "2004.08.??"]
[Round "4"]
[White "Debray, Tristan"]
[Black "Aout, Sebastien"]
[Result "0-1"]
[WhiteElo "2114"]
[BlackElo "2198"]
[PlyCount "116"]
[EventDate "2004.08.16"]
[EventType "swiss"]
[EventRounds "9"]
[EventCountry "FRA"]
[SourceTitle "EXT 2005"]
[Source "ChessBase"]
[SourceDate "2004.11.15"]
[SourceVersion "1"]
[SourceVersionDate "2004.11.15"]
[SourceQuality "1"]

1. e4 c5 2. Nc3 Nc6 3. g3 g6 4. Bg2 Bg7 5. d3 e6 6. Be3 d6 7. Qd2 Rb8 8. f4 Nge7 9. Nge2 Nd4 10. 0-0 0-0 11. Nd1 Nxe2+ 12. Qxe2 b5 13. Qf2 a6 14. g4 f5 15. gxf5 exf5 16. e5 dxe5 17. Bxc5 Bb7 18. Re1 Bxg2 19. Kxg2 Re8 20. fxe5 Qd5+ 21. Kg1 Bxe5 22. d4 Bf6 23. Nc3 Qf7 24. a3 Nd5 25. Qf3 Nxc3 26. Qxc3 Qd5 27. Qd3 Rxe1+ 28. Rxe1 Rd8 29. Qe3 Bxd4 30. Bxd4 Qxd4 31. Qxd4 Rxd4 32. Re2 Kf7 33. c3 Rd6 34. Kf2 g5 35. Rc2 Kg6 36. Ke2 g4 37. c4 bxc4 38. Rxc4 Kg5 39. Rc5 h5 40. b4 h4 41. Rc3 Re6+ 42. Kf2 Re5 43. Rc8 Kf4 44. Rc3 Rd5 45. Rc4+ Ke5 46. Ke3 Rd1 47. Rc5+ Kf6 48. Kf2 Rd2+ 49. Kg1 Kg5 50. Rc3 Ra2 51. Re3 Kf4 52. Rc3 Re2 53. a4 Ra2 54. a5 Ra1+ 55. Kg2 h3+ 56. Kf2 Rh1 57. Rc4+ Kg5 58. Kg3 Rf1 0-1

[Event "Creon op 8th"]
[Site "Creon"]
[Date "2003.08.02"]
[Round "8"]
[White "Cioara, Andrei Nestor"]
[Black "Aout, Sebastien"]
[Result "1/2-1/2"]
[WhiteElo "2394"]
[BlackElo "2193"]
[PlyCount "88"]
[EventDate "2003.07.28"]
[EventType "swiss"]
[EventRounds "9"]
[EventCountry "FRA"]
[SourceTitle "CBM 095 Extra"]
[Source "ChessBase"]
[SourceDate "2003.09.04"]
[SourceVersion "1"]
[SourceVersionDate "2003.09.04"]
[SourceQuality "1"]

1. e4 c5 2. Nf3 e6 3. d4 cxd4 4. Nxd4 a6 5. Bd3 Qc7 6. 0-0 Nc6 7. Nb3 Nf6 8. f4 h5 9. Nc3 b5 10. Qe2 b4 11. Nd1 Bb7 12. Nf2 Be7 13. Be3 a5 14. Nd2 d5 15. e5 d4 16. exf6 gxf6 17. f5 dxe3 18. Qxe3 Ne5 19. Nfe4 Ng4 20. Qf4 Qxf4 21. Rxf4 Rg8 22. Re1 Rd8 23. h3 Ne5 24. Bf1 Nd7 25. fxe6 fxe6 26. Nc4 Bxe4 27. Rfxe4 Nc5 28. Rh4 Rg5 29. Be2 Rdd5 30. Bf3 Rdf5 31. Be4 Nxe4 32. Rhxe4 Bc5+ 33. Kh1 e5 34. R4e2 a4 35. Nd2 Rg7 36. Nf3 Rf4 37. Re4 Rxe4 38. Rxe4 Rd7 39. Rc4 Be7 40. Kh2 Kf7 41. g4 hxg4 42. hxg4 Ke6 43. Nh4 Rd2+ 44. Kg3 b3 1/2-1/2

[Event "Condom op 2nd"]
[Site "Condom"]
[Date "2003.07.15"]
[Round "5"]
[White "Levin, Felix"]
[Black "Aout, Sebastien"]
[Result "1/2-1/2"]
[WhiteElo "2520"]
[BlackElo "2193"]
[PlyCount "98"]
[EventDate "2003.07.12"]
[EventType "swiss"]
[EventRounds "9"]
[EventCountry "FRA"]
[SourceTitle "CBM 095 Extra"]
[Source "ChessBase"]
[SourceDate "2003.09.04"]
[SourceVersion "1"]
[SourceVersionDate "2003.09.04"]
[SourceQuality "1"]

1. d4 d5 2. c4 dxc4 3. e3 e6 4. Bxc4 Nf6 5. Nf3 a6 6. 0-0 c5 7. Bb3 Nc6 8. Qe2 cxd4 9. Rd1 Bd6 10. exd4 0-0 11. Bg5 Be7 12. Nc3 Nd5 13. Ne4 Bxg5 14. Nexg5 h6 15. Ne4 b6 16. Rac1 Bb7 17. Bxd5 Qxd5 18. Nc3 Qd8 19. d5 exd5 20. Nxd5 Re8 21. Qf1 Re6 22. Rc2 Rd6 23. Rcd2 Kh8 24. a4 Ra7 25. b4 Ba8 26. Ne3 Rxd2 27. Rxd2 Qe7 28. Nd5 Qb7 29. Qe1 Qb8 30. Qe3 b5 31. a5 Rd7 32. h3 Nxa5 33. Qb6 Qd6 34. Qxd6 Rxd6 35. Nc7 Rxd2 36. Nxd2 Nc4 37. Nb3 Be4 38. Nxa6 Na3 39. Nd4 Bd3 40. f4 Kg8 41. Kf2 Kf8 42. Ke3 Bf1 43. Kf2 Bd3 44. g4 Ke7 45. Ke3 Bf1 46. h4 g6 47. Nf3 Nc4+ 48. Kf2 Bd3 49. Nc7 Na3 1/2-1/2

[Event "Tarbes op 11th"]
[Site "Tarbes"]
[Date "2003.04.21"]
[Round "7"]
[White "Marciano, David"]
[Black "Aout, Sebastien"]
[Result "1/2-1/2"]
[WhiteElo "2502"]
[BlackElo "2096"]
[PlyCount "58"]
[EventDate "2003.04.19"]
[EventType "swiss"]
[EventRounds "9"]
[EventCountry "FRA"]
[SourceTitle "EXT 2004"]
[Source "ChessBase"]
[SourceDate "2003.11.25"]
[SourceVersion "1"]
[SourceVersionDate "2003.11.25"]
[SourceQuality "1"]

1. e4 c5 2. Nf3 Nc6 3. c3 e5 4. Bc4 Qc7 5. 0-0 Nf6 6. d4 cxd4 7. cxd4 Nxd4 8. Nxd4 Qxc4 9. Nf5 Qxe4 10. Nd6+ Bxd6 11. Qxd6 Qd4 12. Qa3 d6 13. Nc3 Qc5 14. Qa4+ Bd7 15. Qh4 Qd4 16. Qxd4 exd4 17. Re1+ Kd8 18. Ne2 Re8 19. Bg5 d3 20. Nf4 Rxe1+ 21. Rxe1 d2 22. Rd1 Rc8 23. Ne2 Rc2 24. Rxd2 Rxd2 25. Bxd2 Be6 26. a3 a6 27. f3 Nd5 28. Kf2 Ke7 29. Nf4 Nxf4 1/2-1/2

[Event "FRA-chT2S"]
[Site "France"]
[Date "2003.01.18"]
[Round "5.5"]
[White "Marchand, Arnault"]
[Black "Aout, Sebastien"]
[Result "0-1"]
[WhiteElo "1780"]
[BlackElo "2096"]
[PlyCount "106"]
[EventDate "2002.10.??"]
[EventType "team"]
[EventRounds "11"]
[EventCountry "FRA"]
[SourceTitle "EXT 2004"]
[Source "ChessBase"]
[SourceDate "2003.11.25"]
[SourceVersion "1"]
[SourceVersionDate "2003.11.25"]
[SourceQuality "1"]

1. d4 d5 2. c4 e6 3. Nf3 Nf6 4. Bg5 c6 5. Nc3 dxc4 6. Bxf6 gxf6 7. e3 b5 8. a4 Bb4 9. axb5 cxb5 10. Qc2 Qb6 11. Be2 Bb7 12. 0-0 Nd7 13. Rfd1 Bxc3 14. bxc3 0-0 15. Ne1 a5 16. Rdb1 Rfc8 17. Qb2 Be4 18. Nc2 Ra7 19. f3 Bxc2 20. Qxc2 Qa6 21. f4 Rb8 22. h3 Qd6 23. Qa2 Kh8 24. Kh1 f5 25. Rb2 Rb6 26. Rab1 Qb8 27. Bf3 Nf6 28. g4 Ne4 29. Rc1 Qb7 30. Bg2 Qd5 31. Kh2 Ra8 32. gxf5 exf5 33. Qb1 Rg8 34. Bxe4 fxe4 35. Rg1 Rxg1 36. Qxg1 b4 37. Qg4 b3 38. Rg2 Rg6 39. Qc8+ Kg7 40. f5 Rxg2+ 41. Kxg2 a4 42. f6+ Kxf6 43. Qa6+ Kg7 44. Qxa4 b2 45. Qb4 Qg5+ 46. Kh2 Qxe3 47. Qxb2 Qf4+ 48. Kh1 Qg3 49. Qb5 Qxh3+ 50. Kg1 Qg3+ 51. Kf1 e3 52. Qe5+ Qxe5 53. dxe5 Kg6 0-1